000 00304nam a22001337a 4500
008 170816b xxu||||| |||| 00| 0 eng d
020 _a0387908064
041 _aeng
080 _23 ED
_a51
100 _a36
101 _aMAT
245 _aAPPLIED MATHEMATICAL SCIENCES 15
_cBRAUN.M
942 _2udc
_cBK
999 _c23795
_d23795